01776nam a22003617a 4500003000400000005001700004008004100021040002200062082002100084100003900105245003700144260011400181300001900295490002400314505003800338505002700376505005300403505007100456505015600527505027700683505001500960505001800975505001500993505001301008505002701021650004601048650004901094650004301143650004901186942003201235999001501267952013201282OSt20230421102633.0221006b |||||||| |||| 00| 0 eng d cBiblioteca Lado V a794.816.6bV632a 9804aVicente, Jose Luis deeeditor aMediateca Expandida/bPlay-list/ bCentro de Arte y Creación IndustrialbcajAsturbMinisterio de Industria, Turismo y Comercioc2010aEspaña c17x23cma153p. a02v2010x1889-965X aLa cultura y el arte como motores aExplorar para entender aNuevos Motores para el arte y la cultura popular aLa reinvencion de la tecnología: un acto de resistencia creativa aEnsayosgPlaylist Entonces. En que momento la obsolescencia se convirtio en practica artistica? El bucle interminable La cuestion de la electronica  aProyectosgPaul B. Davis Jeff Donaldson Dragan Espenschied Gino Esposto Gijs Gieskes Andre Goncalves Mike in Mono Animal Style Raquel Meyers Mikro Orchestra No Carrier Nullsleep Tristan Perich Rabato Gebhard Sengmuller Alexei Shulgin Tonylight VjVISUALOOP aBiografias aArchivo 8-Bit aConciertos aCreditos aPlaylist. La antologia 2Tesauro de Arte & ArquitecturaaARTE9703 2Tesauro de Arte & ArquitecturaaVIDEO JUEGOS 2Tesauro de Arte & ArquitecturaaMUSICA 2Tesauro de Arte & ArquitecturaaARTE DIGITAL 2ddcc1h794.816.6iV632an0 c3419d3419 00102ddc3201040708RevistasaLVbLVd2023-04-21h02i003465l0o794.816.6 V632ap003465r2023-04-21 00:00:00w2023-04-21y1